Random Little Miss Characters - Statistics

General Stats
  • This quiz has been taken 49 times
    48 since last reset
  • The average score is 6 of 12
Answer Stats
Picture Answer % Correct
Little Miss Sunshine
92%
Little Miss Shy
90%
Little Miss Princess
89%
Little Miss Chatterbox
87%
Little Miss Twins
86%
Little Miss Wise
80%
Little Miss Fickle
75%
Little Miss Birthday
71%
Little Miss Tiny
70%
Little Miss Scary
67%
Little Miss Splendid
63%
Little Miss Bossy
60%
Little Miss Christmas
60%
Little Miss Late
60%
Little Miss Naughty
60%
Little Miss Magic
57%
Little Miss Trouble
55%
Little Miss Whoops
54%
Little Miss Brainy
50%
Little Miss Brave
50%
Little Miss Curious
50%
Little Miss Giggles
50%
Little Miss Contrary
45%
Little Miss Helpful
43%
Little Miss Hug
43%
Little Miss Somersault
40%
Little Miss Bad
38%
Little Miss Inventor
36%
Little Miss Busy
33%
Little Miss Quick
33%
Little Miss Scatterbrain
33%
Little Miss Neat
30%
Little Miss Fun
29%
Little Miss Tidy
27%
Little Miss Greedy
25%
Little Miss Lucky
25%
Little Miss Dotty
22%
Little Miss Star
17%
Little Miss Stubborn
0%
No matching quizzes found
Score Distribution
Percent of People with Each Score
Percentile by Number Answered
Your Score History
You have not taken this quiz since the last reset